<?xml version="1.0" encoding="UTF-8"?><marc:collection xmlns:marc="http://www.loc.gov/MARC21/slim">
  <marc:record>
    <marc:leader>00000nam  2200000zi 4500</marc:leader>
    <marc:controlfield tag="001">9.889469</marc:controlfield>
    <marc:controlfield tag="003">CaOODSP</marc:controlfield>
    <marc:controlfield tag="005">20241118075854</marc:controlfield>
    <marc:controlfield tag="006">m     o  d f      </marc:controlfield>
    <marc:controlfield tag="007">cr |n|||||||||</marc:controlfield>
    <marc:controlfield tag="008">200717t19921992qucabo  ob   f000 0 fre d</marc:controlfield>
    <marc:datafield tag="020" ind1=" " ind2=" ">
      <marc:subfield code="z">289415092X</marc:subfield>
      <marc:subfield code="z">0660939304</marc:subfield>
    </marc:datafield>
    <marc:datafield tag="040" ind1=" " ind2=" ">
      <marc:subfield code="a">CaOODSP</marc:subfield>
      <marc:subfield code="b">fre</marc:subfield>
      <marc:subfield code="e">rda</marc:subfield>
      <marc:subfield code="c">CaOODSP</marc:subfield>
    </marc:datafield>
    <marc:datafield tag="043" ind1=" " ind2=" ">
      <marc:subfield code="a">n-cn---</marc:subfield>
    </marc:datafield>
    <marc:datafield tag="086" ind1="1" ind2=" ">
      <marc:subfield code="a">P60-4/5-1992F-PDF</marc:subfield>
      <marc:subfield code="z">P60-4/5-1992F</marc:subfield>
    </marc:datafield>
    <marc:datafield tag="245" ind1="0" ind2="0">
      <marc:subfield code="a">Canada 125 : </marc:subfield>
      <marc:subfield code="b">ses constitutions, 1763-1982 : évolution d'une démocratie / </marc:subfield>
      <marc:subfield code="c">sous la direction de J. Fernand Tanguay ; introduction du sénateur Gérald A. Beaudoin, O.C., C.R.</marc:subfield>
    </marc:datafield>
    <marc:datafield tag="246" ind1="1" ind2="3">
      <marc:subfield code="a">Canada 125 : </marc:subfield>
      <marc:subfield code="b">constitutions, 1763-1982</marc:subfield>
    </marc:datafield>
    <marc:datafield tag="246" ind1="1" ind2="4">
      <marc:subfield code="a">Canada 125 : </marc:subfield>
      <marc:subfield code="b">constitutions</marc:subfield>
    </marc:datafield>
    <marc:datafield tag="264" ind1=" " ind2="1">
      <marc:subfield code="a">Montréal (Québec) : </marc:subfield>
      <marc:subfield code="b">Éditions du Méridien ; </marc:subfield>
      <marc:subfield code="a">[Ottawa] : </marc:subfield>
      <marc:subfield code="b">Groupe Communication Canada, </marc:subfield>
      <marc:subfield code="c">1992.</marc:subfield>
    </marc:datafield>
    <marc:datafield tag="264" ind1=" " ind2="4">
      <marc:subfield code="c">©1992</marc:subfield>
    </marc:datafield>
    <marc:datafield tag="300" ind1=" " ind2=" ">
      <marc:subfield code="a">1 ressource en ligne (224, 30 pages non numérotées) : </marc:subfield>
      <marc:subfield code="b">cartes en couleur, illustrations (certaines en couleur), photographies (certaines en couleur)</marc:subfield>
    </marc:datafield>
    <marc:datafield tag="336" ind1=" " ind2=" ">
      <marc:subfield code="a">texte</marc:subfield>
      <marc:subfield code="b">txt</marc:subfield>
      <marc:subfield code="2">rdacontent/fre</marc:subfield>
    </marc:datafield>
    <marc:datafield tag="337" ind1=" " ind2=" ">
      <marc:subfield code="a">informatique</marc:subfield>
      <marc:subfield code="b">c</marc:subfield>
      <marc:subfield code="2">rdamedia/fre</marc:subfield>
    </marc:datafield>
    <marc:datafield tag="338" ind1=" " ind2=" ">
      <marc:subfield code="a">ressource en ligne</marc:subfield>
      <marc:subfield code="b">cr</marc:subfield>
      <marc:subfield code="2">rdacarrier/fre</marc:subfield>
    </marc:datafield>
    <marc:datafield tag="500" ind1=" " ind2=" ">
      <marc:subfield code="a">Numérisé par Programme de services des éditions et de dépôt.</marc:subfield>
    </marc:datafield>
    <marc:datafield tag="500" ind1=" " ind2=" ">
      <marc:subfield code="a">« A tous les parlementaires qui ont consacré leur vie à l'évolution de la démocratie au Canada. »</marc:subfield>
    </marc:datafield>
    <marc:datafield tag="500" ind1=" " ind2=" ">
      <marc:subfield code="a">Publié aussi en anglais sous le titre : Canada 125 : its constitutions, 1763-1982 : evolution of a democracy.</marc:subfield>
    </marc:datafield>
    <marc:datafield tag="504" ind1=" " ind2=" ">
      <marc:subfield code="a">Comprend des références bibliographiques.</marc:subfield>
    </marc:datafield>
    <marc:datafield tag="505" ind1="0" ind2=" ">
      <marc:subfield code="a">Présentation / J. Fernand Tanguay, Président du Conseil d'administration des Éditions du Méridien -- Chronologie de nos institutions -- Sa Majesté la reine Élizabeth II -- Son Excellence le gouverneur général du Canada -- Le très honorable Brian Mulroney, Premier ministre du Canada -- Illustrations de l'histoire canadienne -- Introduction / l'honorable Gérald A. Beaudoin, sénateur -- Documents constitutionnels: Proclamation royale (1763) -- Acte de Québec de 1774 -- Acte constitutionnel de 1791 -- Acte d'Union, 1840 -- Loi constitutionnelle de 1867 -- Acte de la Terre de Rupert, 1868 -- Loi de 1870 sur le Manitoba -- Décret en conseil sur la terre de Rupert et le territoire du Nord-Ouest -- Conditions de l'adhésion de la Colombie-Britannique -- Conditions de l'adhésion de l'Ile-du-Prince-Edouard -- Acte du Territoire du Yukon, 1898 -- Loi sur l'Alberta (1905) -- Loi sur la Saskatchewan (1905) -- Statut de Westminster de 1931 -- Loi sur Terre-Neuve (1949) -- Loi de 1982 sur le Canada, y compris la Loi constitutionnelle de 1982 -- Loi sur le Canada.</marc:subfield>
    </marc:datafield>
    <marc:datafield tag="520" ind1=" " ind2=" ">
      <marc:subfield code="a">« Ce pays qui fait l'objet de tant d'attention dans le monde et dans les organisations internationales est souvent méconnu, sous certains aspects, par les Canadiens. Le Canada gagnerait donc à être mieux connu de ses citoyens. C'est dans le but d'encourager l'étude de nos constitutions que nous avons pensé, avec le Groupe Communication Canada-Édition, à diffuser à travers le Canada les textes fondamentaux et les fac-similés de certains textes originaux qui présentent un intérêt particulier. Cet ouvrage n'a pas la prétention de servir de référence pour les étudiants ou spécialistes du droit constitutionnel, car nous nous sommes limités aux textes de base pour donner aux lecteurs une vue d'ensemble des diverses Constitutions et Actes qui ont bâti le Canada que nous connaissons » -- Notre Canada, pages 11-12.</marc:subfield>
    </marc:datafield>
    <marc:datafield tag="530" ind1=" " ind2=" ">
      <marc:subfield code="a">Également publié en version imprimée.</marc:subfield>
    </marc:datafield>
    <marc:datafield tag="650" ind1=" " ind2="6">
      <marc:subfield code="a">Constitutions</marc:subfield>
      <marc:subfield code="z">Canada</marc:subfield>
      <marc:subfield code="v">Sources.</marc:subfield>
    </marc:datafield>
    <marc:datafield tag="650" ind1=" " ind2="6">
      <marc:subfield code="a">Histoire constitutionnelle</marc:subfield>
      <marc:subfield code="z">Canada.</marc:subfield>
    </marc:datafield>
    <marc:datafield tag="700" ind1="1" ind2=" ">
      <marc:subfield code="a">Tanguay, J. Fernand, </marc:subfield>
      <marc:subfield code="e">éditeur.</marc:subfield>
    </marc:datafield>
    <marc:datafield tag="710" ind1="2" ind2=" ">
      <marc:subfield code="a">Groupe Communication Canada. </marc:subfield>
      <marc:subfield code="b">Édition, </marc:subfield>
      <marc:subfield code="e">organisme de publication.</marc:subfield>
    </marc:datafield>
    <marc:datafield tag="775" ind1="0" ind2="8">
      <marc:subfield code="t">Canada 125 : </marc:subfield>
      <marc:subfield code="w">(CaOODSP)9.889437</marc:subfield>
    </marc:datafield>
    <marc:datafield tag="776" ind1="0" ind2="#">
      <marc:subfield code="t">Canada 125: ses constitutions, 1763-1982 : </marc:subfield>
      <marc:subfield code="w">(CaOODSP)9.678399</marc:subfield>
    </marc:datafield>
    <marc:datafield tag="856" ind1="4" ind2="0">
      <marc:subfield code="q">PDF</marc:subfield>
      <marc:subfield code="s">22.52 Mo</marc:subfield>
      <marc:subfield code="u">https://publications.gc.ca/collections/collection_2020/spac-pspc/P60-4-5-1992-fra.pdf</marc:subfield>
    </marc:datafield>
  </marc:record>
</marc:collection>
